000 00645nam a2200181Ia 4500
008 090630s9999 xx 000 0 und d
082 _b26771
100 _aशेवते अरुण.
245 _aते दान त्या क्षणांचे.
_cशेवते अरुण.
260 _bऋतूरंग - मुंबई.
_c2007
300 _a232
600 _aशेवते अरुण.
630 _aते दान त्या क्षणांचे.
655 _aइतर.
700 _aशेवते अरुण.
730 _aते दान त्या क्षणांचे.
942 _cBOOK
999 _c278627
_d278627